000 03503cam a22005294i 4500
003 PE-LiUPU
005 20250731183433.0
008 150706s2011 mx a r 000 0 spa d
020 _a9786077072256
035 _a(Sirsi) i9786077072256
040 _aPE-LiUPU
_bspa
_cPE-LiUPU
_erda
049 _aPRUA
082 0 4 _a794.81526
_bG69
_221
100 1 _aGonzález, Daniel,
_eautor.
245 1 0 _aDiseño de video juegos :
_bda forma a tus sueños /
_cDaniel González.
264 1 _aMéxico,D.F. :
_bAlfaomega,
_c2011.
300 _a149 páginas :
_bilustraciones ;
_c23 centímetros
336 _atext
_2rdacontent
337 _aunmediated
_2rdamedia
338 _avolume
_2rdacarrier
505 0 _a¿Qué vas a encontrar en este libro? -- Historia de la evolución de los videojuegos -- Cómo crear un guión de videojuego -- Crear al protagonista y al antagonista -- Crear una intro -- Creación de un árbol de diálogos -- Crear el documento de diseño -- Creando los conceptos Art -- Cómo diseñar un nivel de nuestro videojuego -- Dibujar un mapa con AutoRealm -- Creación de un HUD para nuestro juego -- En busca del ítem perfecto -- Creación de la inteligencia artificial -- Música y sonido de un videojuego -- Creación de un juego indie para PC -- Diseñar videojuegos par iPhone -- Testeando nuestro videojuego -- Registrar nuestro proyecto -- Conceptos que debe conocer un diseñador.
526 _aP158
526 _aP146
526 _aP17
526 _aP12
526 _aP06
541 _g015-0014334;
541 _g015-0014334;
541 _g015-0014334;
541 _g015-001548;
650 0 4 _aJuegos de Computadora
_xDiseño y construcción.
650 0 4 _aVideojuegos
_xTeoría de juegos.
650 0 4 _aJuegos de computadora
_xProgramación.
650 0 4 _aAnimación por computador.
910 _agl
_bjv
_cng
_d20121022
942 _2ddc
_cBOOK
949 _a794.81526 G69
_wDEWEY
_c1
_i65608
_lCCODEBUL1
_mBUL
_p18.00
_r0
_sY
_tBOOK
_u2015-7-6
_xINGENIERIA
_PP27
_o.STAFF. Colección General
949 _a794.81526 G69
_wDEWEY
_c2
_i65744
_lCCODEBUL1
_mBUL
_p19.00
_r0
_sY
_tBOOK
_u2015-7-6
_xINGENIERIA
_PP27
_o.STAFF. Colección General
949 _a794.81526 G69
_wDEWEY
_c3
_i65745
_lCCODEBUL1
_mBUL
_p19.00
_r0
_sY
_tBOOK
_u2015-7-6
_xINGENIERIA
_PP27
_o.STAFF. Colección General
949 _a794.81526 G69
_wDEWEY
_c4
_i67403
_lCCODEBUL1
_mBUL
_p18.00
_r0
_sY
_tBOOK
_u2015-7-6
_xINGENIERIA
_PP27
_o.STAFF. Colección General
994 _aC0
_bPEPRU
596 _a1
999 _a794.81526 G69
_wDEWEY
_c54069
_i65608
_f2021-11-5
_g8
_lCCODEBUL1
_mBUL
_p18.00
_r0
_sY
_tBOOK
_u2015-7-6
_xBIBLIOTECA
_PP27
_0COMPRA
_o.STAFF. Colección General
_d54069
999 _a794.81526 G69
_wDEWEY
_c2
_i65744
_d2016-5-19
_e2016-5-16
_f2021-11-10
_g7
_lCCODEBUL1
_mBUL
_n1
_p19.00
_r0
_sY
_tBOOK
_u2015-7-6
_xINGENIERIA
_PP27
_0COMPRA
_o.STAFF. Colección General
999 _a794.81526 G69
_wDEWEY
_c3
_i65745
_d2018-10-1
_e2017-4-3
_f2021-11-10
_g7
_lCCODEBUL1
_mBUL
_n3
_p19.00
_q2
_r0
_sY
_tBOOK
_u2015-7-6
_xINGENIERIA
_PP27
_0COMPRA
_o.STAFF. Colección General
999 _a794.81526 G69
_wDEWEY
_c4
_i67403
_d2017-4-17
_e2017-4-11
_f2021-11-10
_g7
_lCCODEBUL1
_mBUL
_n1
_p18.00
_r0
_sY
_tBOOK
_u2015-7-6
_xINGENIERIA
_PP27
_0COMPRA
_o.STAFF. Colección Ingenieria y Arquitectura
980 _81
_gALBERTO SANCHEZ Responsable de Automatización